French & Italian arias and duets

Αποθηκεύτηκε σε:
Λεπτομέρειες βιβλιογραφικής εγγραφής
Μορφή: CD Ηχητικό
Γλώσσα:French
Italian
Δημοσίευση: Deutsche Grammophon, p1957
Ετικέτες: Προσθήκη ετικέτας
Δεν υπάρχουν, Καταχωρήστε ετικέτα πρώτοι!

MARC

LEADER 00000cjm a2200000 i 4500
001 1/86827
007 sd fs gn m ed
008 051004s fre d
035 |l 10080656 
040 |a GR-MY-UA  |b gre  |e aacr 
041 0 |d fre  |d ita  |g eng  |g ger 
082 0 |a 000  |2 (22η εκδ.) 
245 1 0 |a French & Italian arias and duets  |h [ηχογράφηση] /  |c Leopold Simoneau ; Pierrette Alarie 
260 |b Deutsche Grammophon,   |c p1957 
300 |a 1 δίσκος CD ( λ.);  |c 4 3/4 
852 |a INST  |b SYROS  |c AV  |e 20051004  |p 005500005214  |q 005500005214  |t CD  |y 23 
901 |a BIBL1-2003-2 
970 |a ΚΑΓΙΑΒΑ  |b ΕΙΡΗΝΗ  |z 2005/10/04